Gramática inductiva : (Record no. 26396)

MARC details
000 -CABECERA
campo de control de longitud fija 00607nam a2200193 a 4500
005 - FECHA Y HORA DE LA ÚLTIMA TRANSACCIÓN
campo de control 20230526063523.0
008 - ELEMENTOS DE LONGITUD FIJA--INFORMACIÓN GENERAL
campo de control de longitud fija 991125s1910 cue 000 0 spa u
035 ## - NÚMERO DE CONTROL DEL SISTEMA
Número de control de sistema UPN01000026396
049 ## - COLECCIÓN
Colección LT
050 #4 - SIGNATURA TOPOGRÁFICA DE LA BIBLIOTECA DEL CONGRESO
Número de clasificación LB1633 M6
Número de documento/Ítem S3.3a 1910
100 1# - ASIENTO PRINCIPAL--NOMBRE PERSONAL
Nombre de persona Salinas, Miguel,
Fechas asociadas al nombre 1858-1938
9 (RLIN) 29898
245 10 - MENCIÓN DE TÍTULO
Título Gramática inductiva :
Resto del título libro primero /
Mención de responsabilidad, etc. Miguel Salinas.
260 ## - PUBLICACIÓN, DISTRIBUCIÓN, ETC.
Lugar de publicación, distribución, etc. Cuernavaca :
Nombre del editor, distribuidor, etc. [s. n.],
Fecha de publicación, distribución, etc. 1910.
300 ## - DESCRIPCIÓN FÍSICA
Extensión 228 p.
500 ## - NOTA GENERAL
Nota general Datos tomados de la cubierta
500 ## - NOTA GENERAL
Nota general "Libro para el discípulo"
650 #4 - ASIENTO SECUNDARIO DE MATERIA - TERMINO TEMATICO
Término de materia o nombre geográfico como elemento de entrada Español
Subdivisión general Gramática
-- Estudio y enseñanza (Secundaria)
9 (RLIN) 17028
905 ## - TIPO DE MATERIAL
Tipo de material Libro
Holdings
Estado de retiro Estado de pérdida Fuente del sistema de clasificación o colocación Estado dañado No para préstamo Código de colección Localización permanente Ubicación/localización actual Ubicación en estantería Fecha de adquisición Enumeración/cronología de publicación seriada Clasificación Código de barras Fecha visto por última vez Número de copia Tipo de ítem Koha
    Library of Congress Classification   Disponible (Préstamo en sala) Libros de texto Bib. Gregorio Torres Quintero Bib. Gregorio Torres Quintero Colecciones especiales Planta alta 25/05/2023 - LB1633 M6 S3.3a 1910 123460 31/12/2020 1 Libro